000 00324nam a22001337a 4500
008 181017b xxu||||| |||| 00| 0 eng d
020 _a9781603290241
041 _aeng
080 _27 ed
_a370
100 _a47
101 _aedu
245 _aMla Handbook for Writers Of Research Papers
_cJames.p
942 _2udc
_cBK
999 _c50063
_d50063